Retratos músicos chilenos: 1986-2012

Furkejuvvon:
Bibliográfalaš dieđut
Váldodahkki: Donoso Urrutia, Gonzalo (Dahkki)
Materiálatiipa: Girji
Giella:espánnjágiella
eaŋgalasgiella
Almmustuhtton: Santiago Pehuén 2012
Fáttát:
Fáddágilkorat: Lasit fáddágilkoriid
Eai fáddágilkorat, Lasit vuosttaš fáddágilkora!

MARC

LEADER 00000cam a2200000 a 4500
001 UCF5894
003 CL-VaPUC
008 130328e20121000CL |||||||||||||||||spa|d
020 |a 9789561605701 
041 0 7 |a spa  |2 CL-VaPUC 
041 0 7 |a eng  |2 CL-VaPUC 
082 0 4 |a 780.983  |b DON  |2 21 
100 0 |a Donoso Urrutia, Gonzalo  |e author  |9 567884 
245 1 0 |a Retratos músicos chilenos: 1986-2012 
300 |a 205 p 
942 |c BK 
945 |d 20130328 00:00:00  |a dcastane 
260 |a Santiago  |b Pehuén  |c 2012 
650 0 |a Músicos chilenos  |9 306645 
650 0 |a Fotografías  |9 268494 
583 |a last modification  |c 20130328 10:53:00  |k Rodrigo Vera 
999 |c 351287  |d 351285 
952 |0 0  |1 0  |4 0  |6 780_983000000000000_DON_2012  |7 0  |8 X  |9 455307  |a FDOMLP  |b FDOMLP  |d 2019-11-22  |i 495856K  |o 780.983 DON 2012  |p 495856K  |r 2019-11-22  |w 2019-11-22  |y BK_X  |k BU2